| 000 | 00794nam0a22002411 4500 | ||
|---|---|---|---|
| 001 | rc\584721 | ||
| 005 | 20250621173531.0 | ||
| 035 | _a(NLR Aleph) 005831859 | ||
| 090 |
_a5588670 _c5588670 |
||
| 100 | _a20031121d1987 |||y0rusy50 ca | ||
| 101 | 0 | _arus | |
| 102 | _aRU | ||
| 105 | _aa ||||||||| | ||
| 200 | 1 |
_aОни нуждаются в защите _eРедкие животные Хабаров. края _f[Составитель А.Я. Васенева] |
|
| 210 |
_aХабаровск _cКн. изд-во _d1987 |
||
| 215 |
_a157, [1] с. _cил. _d17 |
||
| 320 | _aБиблиогр.: с. 156-157 | ||
| 702 | 1 |
_aВасенева _bА.Я. _gАнна Яковлевна _4220 |
|
| 801 | 0 |
_aRU _bNLR _gpsbo |
|
| 801 | 1 |
_aRU _bELAR _2rusmarc |
|
| 852 |
_aNLR _j87-2/2992 |
||
| 942 | _cBOOK | ||
| 980 | _aNB | ||